| 000 | 00991nas a2200265 4500 | ||
|---|---|---|---|
| 001 | BR8601430 | ||
| 003 | BR-BrBNA | ||
| 005 | 20231205090404.0 | ||
| 007 | ta | ||
| 008 | 230509b bl.|||p| |||| 00| 00por d | ||
| 040 |
_aBR-BrBNA _bpor _cBiblioteca Nacional de Agricultura |
||
| 041 | _a(Pt) | ||
| 072 | _aF04 | ||
| 100 | 1 | _aEllwanger, R.M. | |
| 100 | 1 | _aBarros, I.B.I. de | |
| 100 | 1 | _aKoller, O.C. | |
| 245 | 1 |
_aEfeitos de niveis de nitrogenio e epocas de adubacao em cobertura, na producao de morangueiro (Fragaria x ananassa Duch.) _bParte de tese |
|
| 246 | 1 |
_aEffect of levels and time of application of nitrogenous fertilization, on strawberry production (Fragaria x ananassa Duch.) _bPart of thesis |
|
| 650 | _aMORANGO | ||
| 650 | _aFERTILIZANTE NITROGENADO | ||
| 650 | _aADUBACAO DE COBERTURA | ||
| 773 | 0 |
_tAgronomia Sulriograndense (Brazil) _xISSN 0400-8111 _g(1984), v. 20(1) p. 101-110 _wBR8601430 |
|
| 909 |
_a202311 _bLúcia _c55 _dLúcia Elande |
||
| 942 |
_2AGRIS _n0 _cANA |
||
| 999 |
_c118088 _d118088 |
||